Efektívna versus transparentná miestna samospráva diplomová práca

Salvato in:
Dettagli Bibliografici
Autore principale: Popelková, Michaela
Ente Autore: Národohospodárska fakulta EU. Katedra verejnej správy a regionálneho rozvoja
Altri autori: Žárska, Elena, 1955-
Natura: Libro
Lingua:slovacco
Pubblicazione: Bratislava 2011
Tags: Aggiungi Tag
Nessun Tag, puoi essere il primo ad aggiungerne!!

MARC

LEADER 00000nam a2200000 4500
001 0148379
005 20240318124710.6
041 0 |a slo 
044 |a SK 
245 1 0 |a Efektívna versus transparentná miestna samospráva  |b diplomová práca  |c Michaela Popelková ; školiteľ: Elena Žárska 
264 1 |a Bratislava  |c 2011 
300 |a 61 s. 
100 1 |a Popelková, Michaela 
700 1 |a Žárska, Elena, 1955- 
710 2 |a Národohospodárska fakulta EU. Katedra verejnej správy a regionálneho rozvoja